000 01026nam a2200277Ia 4500
003 OSt
005 20220923215126.0
006 a|||||r|||| 00| 0
007 ta
008 220922b |||||||| |||| 00| 0 hin d
024 _a175,828
037 _cTextual
040 _aARTS
_cARTS
_bhin
041 _2hin
_ahin
082 _aO152,1:gN, N8
100 _aकोहली, मृदुला
_9156318
245 0 _aपौराणिक आख्यान और आधुनिक हिन्दी महाकाव्य
246 _aPaurāṇik ākhyān aur ādhunik hindī hinākāvya
260 _aअमृतसर
_b अदिति प्रकाशन केन्द्र
_c1998
300 _a308 पृ.
_ccm.
650 _a हिन्दी कविता
650 _a हिन्दी कविता
650 _aहिन्दी साहित्य
_9156264
942 _hO152,1:gN, N8
_cTEXL
_2CC
999 _c329507
_d329507